[Event "2. Open Patrimonio de la Humanidad"]
[Site "Alcalá de Henares ESP"]
[Date "2007.10.07"]
[Round "1.33"]
[White "Valencia De Loma, Sergio"]
[Black "Sanchez Gonzalez, Sergio"]
[Result "0-1"]
[WhiteElo "1713"]
[BlackElo "2177"]
[PlyCount "76"]
[EventDate "2007.10.07"]
[EventType "swiss"]
[EventRounds "9"]
[EventCountry "ESP"]
[Source "lmi"]
[SourceDate "2007.10.07"]

1. e4 c5 2. d4 cxd4 3. c3 dxc3 4. Nxc3 e6 5. Nf3 Ne7 6. Bf4 Ng6 7. Bg3 a6 8.
Bc4 b5 9. Bb3 d6 10. O-O Be7 11. Qe2 O-O 12. Rfd1 Qb6 13. Rac1 Nd7 14. a3 Bb7
15. Ba2 Rfd8 16. b4 Nge5 17. Nd4 Ng6 18. Kh1 Bg5 19. Rc2 Nde5 20. f3 Bh4 21.
Bxh4 Nxh4 22. f4 Nc4 23. Bxc4 bxc4 24. g3 Ng6 25. Qxc4 d5 26. exd5 Rxd5 27. Kg1
Rd7 28. Kf1 Rc8 29. Qd3 e5 30. fxe5 Nxe5 31. Qe3 Nc4 32. Qd3 Rxd4 33. Qxd4 Qxd4
34. Rxd4 Ne3+ 35. Kf2 Nxc2 36. Rd7 Bc6 37. Rd2 Nxa3 38. Ra2 Nb5 0-1

[Event "2. Open Patrimonio de la Humanidad"]
[Site "Alcalá de Henares ESP"]
[Date "2007.10.07"]
[Round "1.34"]
[White "Ruano Marco, Javier"]
[Black "Sierra Soria, Maria"]
[Result "1-0"]
[WhiteElo "2177"]
[BlackElo "1660"]
[PlyCount "59"]
[EventDate "2007.10.07"]
[EventType "swiss"]
[EventRounds "9"]
[EventCountry "ESP"]
[Source "lmi"]
[SourceDate "2007.10.07"]

1. e4 c5 2. d3 e6 3. g3 d5 4. Nd2 Nc6 5. Ngf3 Bd6 6. Bg2 Nge7 7. O-O O-O 8. c3
Ne5 9. Nxe5 Bxe5 10. f4 Bc7 11. e5 Nf5 12. Nf3 b5 13. Qe1 Bb6 14. g4 Ne7 15.
Kh1 Ba6 16. d4 b4 17. Rg1 bxc3 18. bxc3 cxd4 19. cxd4 Nc6 20. Be3 Rc8 21. f5
exf5 22. gxf5 f6 23. Qg3 fxe5 24. Bf1 Qe7 25. Bxa6 Rc7 26. Rae1 Rxf5 27. Nxe5
Nxd4 28. Bxd4 Bxd4 29. Ng4 Qf7 30. Nh6+ 1-0

[Event "2. Open Patrimonio de la Humanidad"]
[Site "Alcalá de Henares ESP"]
[Date "2007.10.07"]
[Round "1.35"]
[White "Garcia-Sanchez Navarro, Mariano"]
[Black "Barez Menendez, Hector"]
[Result "1-0"]
[WhiteElo "1577"]
[BlackElo "2169"]
[PlyCount "97"]
[EventDate "2007.10.07"]
[EventType "swiss"]
[EventRounds "9"]
[EventCountry "ESP"]
[Source "lmi"]
[SourceDate "2007.10.07"]

1. f4 Nf6 2. Nf3 g6 3. e3 Bg7 4. b3 O-O 5. Bb2 d6 6. Be2 e5 7. fxe5 Ng4 8. O-O
Nc6 9. Nd4 Ncxe5 10. Nc3 d5 11. Nf3 c5 12. Nxe5 Nxe5 13. Rb1 Bf5 14. d3 d4 15.
exd4 Qxd4+ 16. Kh1 Qh4 17. Qe1 Qg5 18. Ne4 Bxe4 19. dxe4 Rae8 20. Bc1 Qe7 21.
a3 a6 22. Bf4 Nc6 23. Bf3 Nd4 24. Qf2 Nb5 25. Rbd1 Bd4 26. Qg3 Rd8 27. e5 Nxa3
28. Bg5 f6 29. Bxf6 Rxf6 30. exf6 Bxf6 31. Rxd8+ Qxd8 32. Rd1 Qe7 33. Qb8+ Kg7
34. Qc8 Kh6 35. Qh3+ Kg5 36. g3 h5 37. Qh4+ Kh6 38. Qf4+ Bg5 39. Qe4 Qg7 40. h4
Bf6 41. Qe6 Bd4 42. Rd2 Nb1 43. Re2 Nc3 44. Re1 Bf2 45. Re5 Kh7 46. Bxh5 Bxg3
47. Rg5 Bxh4 48. Bxg6+ Kh8 49. Rh5+ 1-0

[Event "2. Open Patrimonio de la Humanidad"]
[Site "Alcalá de Henares ESP"]
[Date "2007.10.07"]
[Round "1.63"]
[White "Garcia Serrano, Jose Manuel"]
[Black "Perez Mitjans, Orelvis"]
[Result "0-1"]
[WhiteElo "1867"]
[BlackElo "2421"]
[PlyCount "58"]
[EventDate "2007.10.07"]
[EventType "swiss"]
[EventRounds "9"]
[EventCountry "ESP"]
[Source "lmi"]
[SourceDate "2007.10.07"]

1. e4 d5 2. exd5 Qxd5 3. Nc3 Qa5 4. d4 Nf6 5. Nf3 Bg4 6. h3 Bh5 7. g4 Bg6 8.
Ne5 e6 9. Nc4 Qa6 10. Bf4 Qc6 11. Rg1 Bb4 12. Bd2 Nbd7 13. a3 Bxc3 14. bxc3
O-O-O 15. Rb1 Nb6 16. Ne5 Qe4+ 17. Be2 Nfd7 18. Nxg6 hxg6 19. f3 Qc6 20. Bf1 e5
21. Bg2 Qd6 22. a4 exd4 23. a5 Nc4 24. f4 Nc5 25. a6 b6 26. Qf3 Rde8+ 27. Kf2
Ne4+ 28. Qxe4 Rxe4 29. Bxe4 Nxd2 0-1

[Event "2. Open Patrimonio de la Humanidad"]
[Site "Alcalá de Henares ESP"]
[Date "2007.10.08"]
[Round "2.1"]
[White "Sanchez Gonzalez, Sergio"]
[Black "Fedorchuk, Sergey A"]
[Result "0-1"]
[WhiteElo "2177"]
[BlackElo "2645"]
[PlyCount "66"]
[EventDate "2007.10.07"]
[EventType "swiss"]
[EventRounds "9"]
[EventCountry "ESP"]
[Source "lmi"]
[SourceDate "2007.10.07"]

1. d4 Nf6 2. c4 e6 3. Nf3 b6 4. g3 Bb4+ 5. Bd2 c5 6. Bxb4 cxb4 7. Nbd2 Bb7 8.
Bg2 a5 9. a3 Na6 10. O-O O-O 11. Re1 d6 12. e4 Qc7 13. e5 dxe5 14. dxe5 Nd7 15.
Qc2 h6 16. Ne4 Rfd8 17. Nd6 Bc6 18. Rad1 Rab8 19. Qe2 bxa3 20. bxa3 Nac5 21.
Nb5 Qb7 22. Nd6 Qa8 23. Nh4 Nf8 24. Bxc6 Qxc6 25. Nf3 Nb7 26. Nd4 Qc5 27. Nb3
Qxa3 28. Nxb7 Rxd1 29. Rxd1 Rxb7 30. Qf3 Rd7 31. Rxd7 Nxd7 32. Qb7 Qxb3 33.
Qxd7 a4 0-1

[Event "2. Open Patrimonio de la Humanidad"]
[Site "Alcalá de Henares ESP"]
[Date "2007.10.08"]
[Round "2.2"]
[White "Korneev, Oleg"]
[Black "De La Fuente Gonzalez, Francisco"]
[Result "1-0"]
[WhiteElo "2587"]
[BlackElo "2233"]
[PlyCount "47"]
[EventDate "2007.10.07"]
[EventType "swiss"]
[EventRounds "9"]
[EventCountry "ESP"]
[Source "lmi"]
[SourceDate "2007.10.07"]

1. e4 e5 2. Nf3 Nf6 3. d4 Nxe4 4. dxe5 d5 5. Nbd2 Nxd2 6. Qxd2 Be7 7. Qf4 Qd7
8. h3 Qf5 9. Qa4+ Bd7 10. Qb3 Qe4+ 11. Be3 Qb4+ 12. Qxb4 Bxb4+ 13. c3 Be7 14.
O-O-O Be6 15. Nd4 O-O 16. f4 c5 17. Nxe6 fxe6 18. Be2 Na6 19. Bg4 Nc7 20. h4 d4
21. cxd4 cxd4 22. Bd2 a5 23. Kb1 Bb4 24. Bxb4 1-0

[Event "2. Open Patrimonio de la Humanidad"]
[Site "Alcalá de Henares ESP"]
[Date "2007.10.08"]
[Round "2.3"]
[White "Gago Padreny, Ignacio"]
[Black "Guliyev, Namig"]
[Result "0-1"]
[WhiteElo "2157"]
[BlackElo "2560"]
[PlyCount "84"]
[EventDate "2007.10.07"]
[EventType "swiss"]
[EventRounds "9"]
[EventCountry "ESP"]
[Source "lmi"]
[SourceDate "2007.10.07"]

1. d4 d5 2. Nf3 Nf6 3. c4 dxc4 4. e3 e6 5. Bxc4 a6 6. O-O Nbd7 7. Re1 b5 8. Bd3
c5 9. a4 b4 10. e4 cxd4 11. e5 Nd5 12. Bg5 Be7 13. Bxe7 Qxe7 14. Nbd2 Nc5 15.
Ne4 Nxe4 16. Rxe4 O-O 17. Rh4 h6 18. Bc2 Bb7 19. Qd3 f5 20. exf6 Nxf6 21. Ne5
Rfd8 22. Qg3 Rac8 23. Bg6 Qd6 24. Bd3 Rc5 25. Re1 Qc7 26. f4 Rc1 27. Ng4 Nxg4
28. Rxg4 Rc8 29. h3 Rxe1+ 30. Qxe1 Qc1 31. Qxc1 Rxc1+ 32. Kf2 Kf7 33. Rg3 a5
34. Ke2 Ra1 35. Bc4 Be4 36. f5 Bxf5 37. Rf3 Ke7 38. Rf4 Rxa4 39. Bb3 Ra1 40.
Rxd4 a4 41. Bd1 b3 42. Kd2 a3 0-1

[Event "2. Open Patrimonio de la Humanidad"]
[Site "Alcalá de Henares ESP"]
[Date "2007.10.08"]
[Round "2.4"]
[White "Valbuena Mota, Alejandro"]
[Black "Mirzoev, Azer"]
[Result "1/2-1/2"]
[WhiteElo "2129"]
[BlackElo "2545"]
[PlyCount "79"]
[EventDate "2007.10.07"]
[EventType "swiss"]
[EventRounds "9"]
[EventCountry "ESP"]
[Source "lmi"]
[SourceDate "2007.10.07"]

1. d4 d5 2. c4 c6 3. Nf3 Nf6 4. e3 e6 5. Nbd2 c5 6. b3 cxd4 7. Nxd4 Bd6 8. Bb2
O-O 9. Rc1 a6 10. cxd5 exd5 11. Be2 Re8 12. Qc2 Bd7 13. Nf5 Bf8 14. O-O Nc6 15.
Rfd1 Rc8 16. Qb1 Ne5 17. Rxc8 Qxc8 18. Ng3 Qb8 19. Nf3 Bd6 20. Nd4 Bc7 21. Qa1
Neg4 22. Bxg4 Bxg4 23. Nf3 Bxf3 24. gxf3 Be5 25. Rc1 Bxb2 26. Qxb2 Qd6 27. Qd4
h5 28. Nf5 Qe6 29. Qf4 Nh7 30. Rc7 Qg6+ 31. Kf1 Qe6 32. Rxb7 Nf8 33. Qg5 Ng6
34. Qxh5 Qc6 35. Rb4 Qc2 36. Nd4 Qxa2 37. Qxd5 Qb1+ 38. Kg2 Re5 39. Qd8+ Kh7
40. Ne2 1/2-1/2

[Event "2. Open Patrimonio de la Humanidad"]
[Site "Alcalá de Henares ESP"]
[Date "2007.10.08"]
[Round "2.5"]
[White "Kovalyov, Anton"]
[Black "Sanchez, Nicolas"]
[Result "1-0"]
[WhiteElo "2510"]
[BlackElo "2201"]
[PlyCount "85"]
[EventDate "2007.10.07"]
[EventType "swiss"]
[EventRounds "9"]
[EventCountry "ESP"]
[Source "lmi"]
[SourceDate "2007.10.07"]

1. c4 g6 2. d4 Nf6 3. Nc3 Bg7 4. e4 d6 5. Be2 O-O 6. Nf3 Na6 7. O-O e5 8. Be3
c6 9. Re1 Ng4 10. Bg5 Qe8 11. h3 f6 12. Bc1 Nh6 13. Rb1 Nf7 14. b4 Nc7 15. d5
f5 16. Ba3 fxe4 17. Nxe4 cxd5 18. cxd5 Bf5 19. Bf1 Nb5 20. Bb2 Rc8 21. Qb3 a6
22. a4 Nc7 23. b5 axb5 24. axb5 Qe7 25. Ba3 Ra8 26. Rbd1 Bd7 27. Bb2 Rfc8 28.
Ned2 Rf8 29. Rc1 Ne8 30. Ne4 Bh6 31. Rcd1 Bf5 32. Ba3 Rd8 33. Qb4 Bf4 34. Nfd2
Ng5 35. Qb3 Nf6 36. Nxg5 Bxg5 37. Nf3 Nd7 38. Nxg5 Qxg5 39. Bxd6 Rf7 40. Qe3
Qf6 41. Bxe5 Nxe5 42. Qxe5 Qb6 43. Qd4 1-0

[Event "2. Open Patrimonio de la Humanidad"]
[Site "Alcalá de Henares ESP"]
[Date "2007.10.08"]
[Round "2.6"]
[White "Spitzer Isbert, Ramon"]
[Black "Dgebuadze, Alexandre"]
[Result "0-1"]
[WhiteElo "2106"]
[BlackElo "2505"]
[PlyCount "53"]
[EventDate "2007.10.07"]
[EventType "swiss"]
[EventRounds "9"]
[EventCountry "ESP"]
[Source "lmi"]
[SourceDate "2007.10.07"]

1. e4 e6 2. d3 c5 3. g3 Nc6 4. Bg2 g6 5. h4 h6 6. Nc3 Bg7 7. Nh3 d6 8. O-O Nd4
9. Nf4 Ne7 10. Nce2 e5 11. Nxd4 cxd4 12. Nd5 Nxd5 13. exd5 g5 14. Qh5 gxh4 15.
f4 e4 16. dxe4 hxg3 17. e5 Kf8 18. f5 Bxe5 19. f6 Qb6 20. Bxh6+ Ke8 21. Rae1
d3+ 22. Kh1 d2 23. Rxe5+ dxe5 24. Qxe5+ Be6 25. Qg5 Rd8 26. Qxd2 Rxd5 27. Qd1
0-1

[Event "2. Open Patrimonio de la Humanidad"]
[Site "Alcalá de Henares ESP"]
[Date "2007.10.08"]
[Round "2.7"]
[White "Suba, Mihai"]
[Black "Ruano Marco, Javier"]
[Result "1-0"]
[WhiteElo "2502"]
[BlackElo "2177"]
[PlyCount "77"]
[EventDate "2007.10.07"]
[EventType "swiss"]
[EventRounds "9"]
[EventCountry "ESP"]
[Source "lmi"]
[SourceDate "2007.10.07"]

1. c4 Nf6 2. Nf3 g6 3. Nc3 Bg7 4. e4 d6 5. d4 O-O 6. Be2 e5 7. O-O Nc6 8. d5
Ne7 9. b4 Nh5 10. Re1 Nf4 11. Bf1 f5 12. a4 h6 13. Bxf4 fxe4 14. Bxe5 exf3 15.
Bxg7 Kxg7 16. Qd4+ Kh7 17. Qh4 Nf5 18. Qxd8 Rxd8 19. g4 Ng7 20. h3 Rd7 21. c5
a5 22. c6 Rf7 23. b5 b6 24. Ne4 Rf4 25. Kh2 h5 26. Kg3 Rf8 27. Ra3 Ne8 28. Rxf3
Rxf3+ 29. Kxf3 Kg7 30. Kf4 Nf6 31. Nxf6 Kxf6 32. Re8 g5+ 33. Kg3 h4+ 34. Kh2
Kf7 35. Rh8 Kg7 36. Rd8 Kf7 37. Bg2 Ke7 38. Rh8 Kf7 39. Rh7+ 1-0

[Event "2. Open Patrimonio de la Humanidad"]
[Site "Alcalá de Henares ESP"]
[Date "2007.10.08"]
[Round "2.8"]
[White "Mansilla Tolosa, Luis E"]
[Black "Herraiz Hidalgo, Herminio"]
[Result "0-1"]
[WhiteElo "2068"]
[BlackElo "2484"]
[PlyCount "84"]
[EventDate "2007.10.07"]
[EventType "swiss"]
[EventRounds "9"]
[EventCountry "ESP"]
[Source "lmi"]
[SourceDate "2007.10.07"]

1. d4 f5 2. c4 Nf6 3. Nf3 g6 4. g3 Bg7 5. Bg2 O-O 6. O-O d6 7. Nc3 Qe8 8. d5
Na6 9. Rb1 c6 10. Nd4 Bd7 11. e4 fxe4 12. Nxe4 Nxe4 13. Bxe4 Nc7 14. Be3 c5 15.
Ne6 Nxe6 16. dxe6 Bxe6 17. Bxb7 Bxc4 18. Bxa8 Qxa8 19. Re1 Bxa2 20. Ra1 Be6 21.
Qd2 Rb8 22. Qe2 Bh3 23. f3 Rxb2 24. Qc4+ Kh8 25. Qf7 Rb8 26. Rad1 Rf8 27. Qd5
Qxd5 28. Rxd5 Rxf3 29. Bf2 Bf6 30. Re3 Rxe3 31. Bxe3 a5 32. Rd3 a4 33. Ra3 Bd7
34. Bd2 d5 35. Kf2 c4 36. h4 Kg7 37. Bg5 Bd4+ 38. Be3 Bf6 39. Bg5 d4 40. Rf3 c3
41. Bxf6+ exf6 42. Ke1 a3 0-1

[Event "2. Open Patrimonio de la Humanidad"]
[Site "Alcalá de Henares ESP"]
[Date "2007.10.08"]
[Round "2.10"]
[White "Vazquez Gonzalez, Jesus"]
[Black "Abreu Delgado, Aryam"]
[Result "1/2-1/2"]
[WhiteElo "2049"]
[BlackElo "2479"]
[PlyCount "94"]
[EventDate "2007.10.07"]
[EventType "swiss"]
[EventRounds "9"]
[EventCountry "ESP"]
[Source "lmi"]
[SourceDate "2007.10.07"]

1. e4 c5 2. Nf3 d6 3. d4 cxd4 4. Nxd4 Nf6 5. Nc3 a6 6. Be2 e5 7. Nb3 Be7 8. O-O
O-O 9. Be3 Be6 10. Nd5 Bxd5 11. exd5 Nbd7 12. c4 a5 13. a4 Ne4 14. f4 Bf6 15.
Qc2 exf4 16. Rxf4 Nec5 17. Nxc5 Nxc5 18. Bxc5 dxc5 19. Raf1 Be5 20. R4f3 Qd6
21. Rh3 g6 22. b3 Rae8 23. Qd2 Re7 24. Bd3 b6 25. Qh6 f5 26. Qg5 Kh8 27. Kh1
Qf6 28. Qxf6+ Bxf6 29. Rhf3 Kg7 30. h3 h5 31. g3 h4 32. g4 fxg4 33. hxg4 Rff7
34. d6 Rd7 35. Be4 Be5 36. Rxf7+ Rxf7 37. Rxf7+ Kxf7 38. d7 Bc7 39. Kg2 g5 40.
Kf2 Ke6 41. Bd5+ Kxd7 42. Ke3 Bf4+ 43. Ke4 h3 44. Kf5 Ke7 45. Be4 b5 46. Bc6
bxa4 47. bxa4 h2 1/2-1/2

[Event "2. Open Patrimonio de la Humanidad"]
[Site "Alcalá de Henares ESP"]
[Date "2007.10.08"]
[Round "2.11"]
[White "Rizouk, Aimen"]
[Black "Vilarnovo Caamaño, Jose"]
[Result "1-0"]
[WhiteElo "2470"]
[BlackElo "2101"]
[PlyCount "59"]
[EventDate "2007.10.07"]
[EventType "swiss"]
[EventRounds "9"]
[EventCountry "ESP"]
[Source "lmi"]
[SourceDate "2007.10.07"]

1. e4 c5 2. Nf3 Nc6 3. Bb5 g6 4. Bxc6 bxc6 5. O-O Bg7 6. Re1 Nf6 7. e5 Nd5 8.
c4 Nc7 9. d4 cxd4 10. Qxd4 Ne6 11. Qh4 d5 12. Bh6 O-O 13. Nc3 Bb7 14. Rad1 Re8
15. Bxg7 Kxg7 16. Nd4 Nxd4 17. Qxd4 e6 18. cxd5 cxd5 19. Nb5 Qa5 20. Nd6 Re7
21. Re3 Ba6 22. Qh4 Rd7 23. Rh3 h5 24. Qf6+ Kg8 25. Qg5 Qxa2 26. Rxh5 Qb3 27.
Rf1 Bb5 28. Nxb5 Qxb5 29. Rh3 Rb8 30. Qh6 1-0

[Event "2. Open Patrimonio de la Humanidad"]
[Site "Alcalá de Henares ESP"]
[Date "2007.10.08"]
[Round "2.12"]
[White "Muñoz Sanchez, Daniel"]
[Black "Moreno Ruiz, Javier"]
[Result "0-1"]
[WhiteElo "2046"]
[BlackElo "2466"]
[PlyCount "110"]
[EventDate "2007.10.07"]
[EventType "swiss"]
[EventRounds "9"]
[EventCountry "ESP"]
[Source "lmi"]
[SourceDate "2007.10.07"]

1. e4 c5 2. Nc3 Nc6 3. f4 g6 4. Nf3 Bg7 5. Bb5 Nd4 6. O-O a6 7. Bc4 b5 8. Bd5
Rb8 9. d3 e6 10. Bb3 Ne7 11. Nxd4 Bxd4+ 12. Kh1 d5 13. Ne2 Bg7 14. c3 Bb7 15.
Bc2 O-O 16. a3 Qb6 17. Qe1 Qc6 18. Qh4 dxe4 19. dxe4 Nf5 20. Qh3 Nd6 21. Ng3 f5
22. e5 Nc4 23. b3 Nb6 24. Bb2 Rbd8 25. Rf2 Nd5 26. Nf1 Rd7 27. c4 bxc4 28. bxc4
Nb6 29. Qb3 a5 30. a4 Ba6 31. Ne3 Rb7 32. Qc3 Nxc4 33. Nxc4 Bxc4 34. Ba3 Bd5
35. Qxc5 Qxc5 36. Bxc5 Rc8 37. Bd6 Bf8 38. Bxf8 Kxf8 39. Bd3 Rb4 40. Bb5 h6 41.
Kg1 g5 42. g4 Rxf4 43. Rxf4 gxf4 44. gxf5 exf5 45. Rd1 Rc5 46. Bd7 Be4 47. e6
Ke7 48. Rf1 f3 49. Kf2 f4 50. Bb5 Rc2+ 51. Ke1 Rxh2 52. Bc4 Rc2 53. Bb5 Rc1+
54. Kf2 Rxf1+ 55. Kxf1 Kxe6 0-1

[Event "2. Open Patrimonio de la Humanidad"]
[Site "Alcalá de Henares ESP"]
[Date "2007.10.08"]
[Round "2.13"]
[White "Roa Alonso, Santiago"]
[Black "Adan Bermudez, Sergio"]
[Result "1/2-1/2"]
[WhiteElo "2451"]
[BlackElo "2054"]
[PlyCount "38"]
[EventDate "2007.10.07"]
[EventType "swiss"]
[EventRounds "9"]
[EventCountry "ESP"]
[Source "lmi"]
[SourceDate "2007.10.07"]

1. e4 c5 2. Nf3 Nc6 3. d4 cxd4 4. Nxd4 Nf6 5. Nc3 e5 6. Ndb5 h6 7. Nd5 Nxd5 8.
exd5 a6 9. dxc6 axb5 10. cxd7+ Bxd7 11. Bd3 Bc5 12. O-O O-O 13. Qe2 Qc7 14.
Bxb5 Bxb5 15. Qxb5 e4 16. Bf4 Qxf4 17. Qxc5 Rac8 18. Qb4 Rxc2 19. Rae1 Qd2
1/2-1/2

[Event "2. Open Patrimonio de la Humanidad"]
[Site "Alcalá de Henares ESP"]
[Date "2007.10.08"]
[Round "2.14"]
[White "Toranzo Fernandez, Dionisio"]
[Black "Iturrizaga, Eduardo"]
[Result "0-1"]
[WhiteElo "2009"]
[BlackElo "2435"]
[PlyCount "86"]
[EventDate "2007.10.07"]
[EventType "swiss"]
[EventRounds "9"]
[EventCountry "ESP"]
[Source "lmi"]
[SourceDate "2007.10.07"]

1. Nf3 Nf6 2. c4 e6 3. g3 d5 4. d4 Be7 5. Bg2 O-O 6. O-O dxc4 7. Qc2 a6 8. Qxc4
b5 9. Qc2 Bb7 10. Bg5 Be4 11. Qc1 Nbd7 12. Nbd2 Bd5 13. Bxf6 Nxf6 14. Nb3 Nd7
15. Qe3 Bf6 16. Rfc1 Nb6 17. Rc2 a5 18. Qc1 a4 19. Nbd2 Ra7 20. e3 Nc4 21. Nxc4
bxc4 22. Nd2 Bxg2 23. Kxg2 c5 24. Rxc4 cxd4 25. exd4 Bxd4 26. Nf3 Bf6 27. Qc2
Qa8 28. Rc1 g6 29. Rb4 Rb8 30. Rxb8+ Qxb8 31. Qc8+ Qxc8 32. Rxc8+ Kg7 33. Rb8
a3 34. b3 Rc7 35. Ra8 Rc2 36. Rxa3 Be7 37. Ra5 Bc5 38. Ne5 Bxf2 39. Kf3 Bg1 40.
h4 f5 41. g4 Rf2+ 42. Kg3 f4+ 43. Kh3 Rh2# 0-1

[Event "2. Open Patrimonio de la Humanidad"]
[Site "Alcalá de Henares ESP"]
[Date "2007.10.08"]
[Round "2.16"]
[White "Perez Mitjans, Orelvis"]
[Black "Paniagua Tineo, Arturo"]
[Result "1-0"]
[WhiteElo "2421"]
[BlackElo "2049"]
[PlyCount "103"]
[EventDate "2007.10.07"]
[EventType "swiss"]
[EventRounds "9"]
[EventCountry "ESP"]
[Source "lmi"]
[SourceDate "2007.10.07"]

1. e4 c6 2. d4 d5 3. e5 Bf5 4. Be3 e6 5. Nd2 Nd7 6. f4 h5 7. Be2 Rc8 8. Ngf3
Nh6 9. h3 Bg6 10. O-O Nf5 11. Bf2 h4 12. c4 dxc4 13. Nxc4 Nb6 14. Nxb6 axb6 15.
a4 Be7 16. Qb3 O-O 17. Bc4 Bh5 18. Rfd1 Ra8 19. Kh2 Bxf3 20. Qxf3 b5 21. Bb3
bxa4 22. Rxa4 Qd7 23. Rxa8 Rxa8 24. Bc2 g6 25. Bxf5 exf5 26. d5 cxd5 27. Rxd5
Qc6 28. Qd1 Rc8 29. Be1 b5 30. Ba5 Qc4 31. Rd4 Qc2 32. Qf3 Qxb2 33. Rd7 Qa3 34.
Qxa3 Bxa3 35. Rb7 Bc1 36. Rxb5 Bxf4+ 37. Kg1 Bg3 38. Kf1 Rc1+ 39. Ke2 Rc2+ 40.
Kd3 Rxg2 41. Bd8 g5 42. Bf6 Kh7 43. Rb8 Bf4 44. Rh8+ Kg6 45. Rg8+ Kh7 46. Rg7+
Kh6 47. Rxf7 Rg3+ 48. Kd4 Bxe5+ 49. Kxe5 Rxh3 50. Rg7 Re3+ 51. Kxf5 Rf3+ 52.
Ke6 1-0

[Event "2. Open Patrimonio de la Humanidad"]
[Site "Alcalá de Henares ESP"]
[Date "2007.10.08"]
[Round "2.17"]
[White "Gongora Reyes, Maikel"]
[Black "Martinez Escribano, Jose Angel"]
[Result "1-0"]
[WhiteElo "2410"]
[BlackElo "2027"]
[PlyCount "59"]
[EventDate "2007.10.07"]
[EventType "swiss"]
[EventRounds "9"]
[EventCountry "ESP"]
[Source "lmi"]
[SourceDate "2007.10.07"]

1. d4 Nf6 2. Nf3 g6 3. Nc3 Bg7 4. e4 O-O 5. Be3 d6 6. Qd2 Ng4 7. Bg5 h6 8. Bh4
Na6 9. h3 Nf6 10. O-O-O g5 11. Bg3 c5 12. e5 cxd4 13. Qxd4 Nh5 14. Bh2 Qa5 15.
Bc4 b5 16. Bb3 Be6 17. Nd5 Bxd5 18. Qxd5 Nb4 19. Qd2 Nxa2+ 20. Kb1 Nb4 21. exd6
exd6 22. Bxd6 Nc6 23. Bxf8 Rxf8 24. Qxa5 Nxa5 25. g3 Nf6 26. Rhe1 g4 27. hxg4
Nxg4 28. Re2 Nc4 29. Bxc4 bxc4 30. c3 1-0

[Event "2. Open Patrimonio de la Humanidad"]
[Site "Alcalá de Henares ESP"]
[Date "2007.10.08"]
[Round "2.18"]
[White "Avendaño Mateos, Jose"]
[Black "Valles Moreno, Ivan"]
[Result "0-1"]
[WhiteElo "1982"]
[BlackElo "2402"]
[PlyCount "108"]
[EventDate "2007.10.07"]
[EventType "swiss"]
[EventRounds "9"]
[EventCountry "ESP"]
[Source "lmi"]
[SourceDate "2007.10.07"]

1. c4 e5 2. g3 Nc6 3. Bg2 f5 4. Nc3 Nf6 5. d3 Bc5 6. e3 d6 7. Nge2 O-O 8. O-O
Qe8 9. Nd5 Bb6 10. Nec3 Be6 11. b4 Kh8 12. b5 Nd8 13. a4 Ba5 14. Bd2 Bxc3 15.
Bxc3 Bxd5 16. cxd5 Qf7 17. f4 Nxd5 18. Bd2 exf4 19. exf4 Qf6 20. Qf3 c6 21. Qf2
Ne6 22. Rac1 Nc5 23. Rxc5 dxc5 24. Qxc5 Rfd8 25. Re1 Qf8 26. Qxf8+ Rxf8 27.
Bxd5 cxd5 28. Re7 Rfe8 29. Rxb7 Re2 30. Bc3 Rc8 31. Kf1 Rxh2 32. Rxa7 h5 33.
Be1 Rcc2 34. Kg1 Rcg2+ 35. Kf1 Rb2 36. Kg1 Rhc2 37. Rd7 Rb1 38. Kf1 Rh2 39. Re7
Ra2 40. Re5 g6 41. Rxd5 Rxa4 42. b6 Raa1 43. Re5 Rxb6 44. Kf2 Ra2+ 45. Ke3 Kg8
46. Bc3 Kf7 47. Rd5 Rg2 48. Kf3 Rc2 49. Be5 Ke6 50. Rd8 Ra6 51. Rf8 Raa2 52.
Rf6+ Kd5 53. Rd6+ Kc5 54. d4+ Kb5 0-1

[Event "2. Open Patrimonio de la Humanidad"]
[Site "Alcalá de Henares ESP"]
[Date "2007.10.08"]
[Round "2.19"]
[White "Serafimov, Tervel"]
[Black "Wehmeier, Manuel"]
[Result "1-0"]
[WhiteElo "2379"]
[BlackElo "2013"]
[PlyCount "47"]
[EventDate "2007.10.07"]
[EventType "swiss"]
[EventRounds "9"]
[EventCountry "ESP"]
[Source "lmi"]
[SourceDate "2007.10.07"]

1. g3 g6 2. Bg2 Bg7 3. f4 c6 4. e4 Qb6 5. Nc3 Bd4 6. Nf3 Bf2+ 7. Kf1 Bc5 8. d4
Bb4 9. Ne2 e6 10. e5 d5 11. Be3 a5 12. g4 a4 13. Kf2 Nd7 14. b3 Ba3 15. Rb1
axb3 16. axb3 Qc7 17. b4 b5 18. c3 Nb6 19. Nd2 h5 20. h3 hxg4 21. hxg4 Rxh1 22.
Qxh1 Qa7 23. Qh8 Kf8 24. f5 1-0

[Event "2. Open Patrimonio de la Humanidad"]
[Site "Alcalá de Henares ESP"]
[Date "2007.10.08"]
[Round "2.20"]
[White "Gutierrez Garcia, Alberto"]
[Black "Serrano Salvador, Eduardo"]
[Result "0-1"]
[WhiteElo "1838"]
[BlackElo "2376"]
[PlyCount "44"]
[EventDate "2007.10.07"]
[EventType "swiss"]
[EventRounds "9"]
[EventCountry "ESP"]
[Source "lmi"]
[SourceDate "2007.10.07"]

1. e4 c5 2. Nf3 e6 3. Nc3 Nc6 4. b3 d5 5. exd5 exd5 6. d4 cxd4 7. Nxd4 Bb4 8.
Bb2 Qe7+ 9. Be2 Qe5 10. Nxc6 Bxc3+ 11. Kf1 bxc6 12. Bxc3 Qxc3 13. h4 Nf6 14. g4
Nxg4 15. Bxg4 Bxg4 16. Qxg4 Qxa1+ 17. Kg2 Qe5 18. Re1 Qxe1 19. Qxg7 Qe4+ 20.
Kf1 O-O-O 21. Qg3 Qh1+ 22. Ke2 Rhe8+ 0-1

[Event "2. Open Patrimonio de la Humanidad"]
[Site "Alcalá de Henares ESP"]
[Date "2007.10.08"]
[Round "2.21"]
[White "Martinez Miura, Enrique"]
[Black "Madina Yadarola, Martin"]
[Result "0-1"]
[WhiteElo "1809"]
[BlackElo "2344"]
[PlyCount "82"]
[EventDate "2007.10.07"]
[EventType "swiss"]
[EventRounds "9"]
[EventCountry "ESP"]
[Source "lmi"]
[SourceDate "2007.10.07"]

1. Nf3 d6 2. c4 e5 3. e4 c5 4. h3 Nc6 5. Nc3 g6 6. d3 Bg7 7. Be2 h6 8. Bd2 Nge7
9. Qc1 a6 10. a4 b6 11. Nd5 Bd7 12. Bc3 O-O 13. O-O f5 14. Nh2 Nxd5 15. cxd5
Nd4 16. Bxd4 cxd4 17. Qd2 Rc8 18. Rfc1 Rxc1+ 19. Qxc1 fxe4 20. dxe4 Qh4 21. Bf3
Rc8 22. Qd2 Qf4 23. Qb4 Rc1+ 24. Rxc1 Qxc1+ 25. Nf1 Qc5 26. Qb3 b5 27. a5 h5
28. Be2 Bh6 29. Qg3 Kf7 30. Qf3+ Ke7 31. Qg3 Be8 32. Qf3 Qc1 33. Qb3 Qe1 34.
Qc2 Bd7 35. g4 h4 36. g5 Bxg5 37. Bg4 Qc1 38. Qb3 Bxg4 39. hxg4 Qf4 40. f3 Qc1
41. Kg2 h3+ 0-1

[Event "2. Open Patrimonio de la Humanidad"]
[Site "Alcalá de Henares ESP"]
[Date "2007.10.08"]
[Round "2.22"]
[White "Rubio Mejia, Luis Ignacio"]
[Black "Laurentiu, Burlacu"]
[Result "1-0"]
[WhiteElo "2327"]
[BlackElo "2009"]
[PlyCount "75"]
[EventDate "2007.10.07"]
[EventType "swiss"]
[EventRounds "9"]
[EventCountry "ESP"]
[Source "lmi"]
[SourceDate "2007.10.07"]

1. d4 e6 2. c4 Nf6 3. Nc3 Bb4 4. e3 c5 5. Bd3 cxd4 6. exd4 Nc6 7. Nf3 d5 8. O-O
dxc4 9. Bxc4 O-O 10. Bg5 h6 11. Bh4 a6 12. a3 Be7 13. Qd3 b5 14. Ba2 Bb7 15.
Rad1 b4 16. Na4 Nd5 17. Bb1 g6 18. Nc5 Bc8 19. Bg3 bxa3 20. bxa3 Bf6 21. Rfe1
Re8 22. Rc1 Nce7 23. Qd2 Kh7 24. Be5 Nf5 25. Be4 Nd6 26. Bd3 a5 27. h4 Nf5 28.
h5 gxh5 29. Ne4 Rg8 30. Nxf6+ Nxf6 31. Rc7 Nd7 32. Rec1 Rg4 33. Qc2 f6 34.
Bxf5+ exf5 35. Qxf5+ Kg8 36. Qxh5 Nxe5 37. Nxe5 Qd5 38. Qe8# 1-0